Passenger transport subsidy in West Bengal: (Record no. 10531)

MARC details
000 -LEADER
fixed length control field 00801 a2200205 4500
010 ## - LIBRARY OF CONGRESS CONTROL NUMBER
LC control number ENG-89383
020 ## - INTERNATIONAL STANDARD BOOK NUMBER
International Standard Book Number 8178271672
Terms of availability 490.00
035 ## - SYSTEM CONTROL NUMBER
System control number EN-72916
037 ## - SOURCE OF ACQUISITION
Source of stock number/acquisition DBAD / PUB
082 14 - DEWEY DECIMAL CLASSIFICATION NUMBER
Classification number 388.4
090 ## - LOCALLY ASSIGNED LC-TYPE CALL NUMBER (OCLC); LOCAL CALL NUMBER (OCLC)
-- 10831
-- 10831
100 1# - MAIN ENTRY--PERSONAL NAME
Personal name Gupta, Sudakshina
245 1# - TITLE STATEMENT
Title Passenger transport subsidy in West Bengal:
Remainder of title use or misuse?/
Statement of responsibility, etc by Sudakshina Gupta
260 ## - PUBLICATION, DISTRIBUTION, ETC. (IMPRINT)
Place of publication, distribution, etc New Delhi
Name of publisher, distributor, etc Manak Publications
Date of publication, distribution, etc 2007
270 ## - ADDRESS
Address B-7, Saraswati Complex, Subhash Chowk, Laxmi Nagar,
City New Delhi
State or province Delhi
Postal code 110092
Telephone number 22453894, 22042529
Electronic mail address manak_pulications@hotmail.com
300 ## - PHYSICAL DESCRIPTION
Extent x, 268p.
Dimensions 21 cm ( Hb.)
500 ## - GENERAL NOTE
General note Includes bibliographical references and index
942 ## - ADDED ENTRY ELEMENTS (KOHA)
Institution code [OBSOLETE] dpl
Koha item type English Books
Call number prefix 388.4 / GUP
Holdings
Withdrawn status Lost status Source of classification or shelving scheme Damaged status Not for loan Collection code Home library Current library Source of acquisition Cost, normal purchase price Total Checkouts Full call number Barcode Date last seen Copy number Uniform Resource Identifier Cost, replacement price Price effective from Koha item type
    Dewey Decimal Classification   Not For Loan Non-fiction D.B.Act.Division D.B.Act.Division DBAD/PUB 490.00   388.4 GUP EN-72916 15/09/2008 1 11601 490.00 15/09/2008 English Books

© Delhi Public Library
Hit Counter
free hit counter